000 00611nam a2200205 i 4500
001 147879
003 ES-MaACL
005 20240522092756.0
007 t|
008 071008s1967 sp ||||1| spa d
080 _a82-321.2"19"
100 1 _aUpdike, John.
_9112046
245 1 0 _aPlumas de paloma y otros relatos /
_cJohn Updike ; [traducción de José Mª Valverde].
250 _a[1ª ed.].
260 _aBarcelona :
_bSeix Barral,
_c1967.
300 _a334 p. ;
_c17 cm.
700 1 _aValverde, José María,
_d1926-1996
_9113013
852 _aES-MaACL
_jC-32520
_bR.62561
999 _c147879
_d147879